000 00740nam a22002177a 4500
005 20080923102150.0
008 080923t xxu||||| |||| 00| 0 eng d
010 _aENG-91045
020 _c100.00
_a9788190720021
035 _aEN-74578
037 _bDBAD / PUB
040 _adpl
_bEnglish
082 _a802
100 _aSaburunnisa, A.
245 _aRandom studies /
_cby A. Saburunnisa
260 _aChennai
_bImage & Impression
_c2008
270 _bChennai
_a11/29 Subramaniam Street, Abiramapuram
_e600018
300 _a122p.
_c18cm (pbk)
942 _2ddc
_cEN
_mSAB
_h802
999 _c15603
_d15603